000 00581nam a22001937a 4500
999 _c2488
_d2488
003 AR-CdUCM
008 190304b ||||| |||| 00| 0 spa d
040 _aMUNICIPALIDAD PROVINCIAL DEL CUSCO
_cBIBLIOTECA MUNICIPAL DEL CUSCO
082 _22ed.
_a869.3 /
_bL13
100 _aLadrón de Guevara, Matilde
_98873
245 _aLa Cienaga /
260 _aBuenos Aires :
_bEditorial Nueva ;
_c1976
300 _a298 páginas
_c20cm
505 _aNovela
650 _aLiteratura chilena
_92985
650 _aLiteratura latinoamericana
_96194
942 _2ddc
_cLIBROS
945 _anom